Телеграммы с протестами против действий белогвардейцев в Люцине и Укрянхайском крае

RUSMARC
00003911cbc2a2200265#x 450
001a8f8f9f3-e938-4090-b692-1c4293fb575f
00520240730135558.0
100##$a20160114l19201920k y0rusy50 ca
1010#$arus
102##$aRU
105##$ay z |||||
1222#$ad19200117##
$ad19200301##
2001#$aТелеграммы с протестами против действий белогвардейцев в Люцине и Укрянхайском крае
$j17 января - 1 марта 1920
215##$a5 листов
251##$cДело
300##$aМашинописный текст
300##$aЗаголовок дела на папке: Телеграммы с протестами против действий белогвардейцев в Люцине и Урянхайском крае
330##$aВходит в раздел описи: V. Бюро телеграмм. 7. Политическое положение
461#0$1001ad6baeac-e292-4829-90d1-2f4f65796a62
$12001
$aСОВЕТ НАРОДНЫХ КОМИССАРОВ РСФСР (СНК РСФСР)
$1251
$cФонд
$1852
$gР
$j130
462#0$10017393eac8-aea5-4181-b014-0a5beab45138
$12001
$a1920 г.
$vД. 504
$1251
$cОпись
$1852
$j4
5171#$aТелеграммы с протестами против действий белогвардейцев в Люцине и Урянхайском крае
801#0$aRU
$bGA_RF
801#1$aRU
$bНПО Опыт
$c20160114
$2rusmarc
801#2$aRU
$bПБ им. Б.Н. Ельцина
$c20160404
$gRCR
$2rusmarc
852##$aГА РФ
$j504
937##$d70097679
$hПБ
035##$aRuPRLIB51036304
605##$2acquisition_Prlib
$3LIBNET\UAF\0000064274
$aРеспублика Тыва: страницы истории
$lколлекция
850##$aГосударственный архив Российской Федерации
Формат отображения